LIBRARY & INFORMATION CENTRE, KCAET, TAVANUR

ONLINE PUBLIC ACCESS CATALOGUE (OPAC)

Treated Wastewater in Agriculture: Use and Impacts on the Soil Environment and Crops (Record no. 14343)

MARC details
000 -LEADER
fixed length control field 00403nam a22001457a 4500
020 ## - INTERNATIONAL STANDARD BOOK NUMBER
ISBN 9781405148627
082 ## - DEWEY DECIMAL CLASSIFICATION NUMBER
Classification number 628.4
Item number LEV/TR
245 ## - TITLE STATEMENT
Title Treated Wastewater in Agriculture: Use and Impacts on the Soil Environment and Crops
260 ## - PUBLICATION, DISTRIBUTION, ETC. (IMPRINT)
Place of publication London
Name of publisher Wiley-Blackwell
Year of publication 2011
300 ## - PHYSICAL DESCRIPTION
Number of Pages 446
700 ## - ADDED ENTRY--PERSONAL NAME
Personal name Levy,Guy.J
700 ## - ADDED ENTRY--PERSONAL NAME
Personal name Fine,Pinchas
700 ## - ADDED ENTRY--PERSONAL NAME
Personal name Bar-Tal,Asher
942 ## - ADDED ENTRY ELEMENTS (KOHA)
Koha item type Reference
Holdings
Withdrawn status Lost status Damaged status Collection code Home library Current library Shelving location Date acquired Source of acquisition Cost, normal purchase price Full call number Accession Number Koha item type
      Reference KAUAET KAUAET Reference 17/06/2016 Ganesh Book Center Trivandrum 14887.92 628.4 LEV/TR 24613 Reference
free website counter